Conflict in Legal Perspectives on Tort Liability Arising from Damages Caused by Robots Recognized as Having Legal Personality.

This research aims to address the adequacy of traditional legal frameworks, particularly the conflict of laws rules in UAE law, in regulating tort liability arising from the actions of modern robots equipped with artificial intelligence. The study also attempts to assess whether the existing legal f...

Full description

Saved in:  
Bibliographic Details
Authors: Boabbas, Faisal (Author) ; Mohamed, Dr Nashwa Ahmed (Author)
Format: Electronic Article
Language:English
Published: 2025
In: International journal of criminal justice sciences
Year: 2025, Volume: 20, Issue: 1, Pages: 91-108
Online Access: Volltext (kostenfrei)
Check availability: HBZ Gateway

MARC

LEADER 00000naa a22000002c 4500
001 1942606184
003 DE-627
005 20251126145634.0
007 cr uuu---uuuuu
008 251126s2025 xx |||||o 00| ||eng c
035 |a (DE-627)1942606184 
035 |a (DE-599)KXP1942606184 
040 |a DE-627  |b ger  |c DE-627  |e rda 
041 |a eng 
084 |a 2,1  |2 ssgn 
100 1 |a Boabbas, Faisal  |e VerfasserIn  |4 aut 
245 1 0 |a Conflict in Legal Perspectives on Tort Liability Arising from Damages Caused by Robots Recognized as Having Legal Personality. 
264 1 |c 2025 
336 |a Text  |b txt  |2 rdacontent 
337 |a Computermedien  |b c  |2 rdamedia 
338 |a Online-Ressource  |b cr  |2 rdacarrier 
520 |a This research aims to address the adequacy of traditional legal frameworks, particularly the conflict of laws rules in UAE law, in regulating tort liability arising from the actions of modern robots equipped with artificial intelligence. The study also attempts to assess whether the existing legal frameworks are capable of ensuring justice and protecting rights, when robots have evolved and are used to make autonomous decisions without human intervention. The study adopts both descriptive and analytical methodologies to highlight the shortcomings of current legislation and discusses the possibility of recognizing legal personality for robots or developing new legal solutions to keep up with technological changes. A comparison was made between the legal status in the UAE and certain international experiences, especially the European Union, which has begun taking proactive legislative steps in this vital field. The study concludes that traditional rules are no longer sufficient and recommends updating existing laws or creating independent legislation that keeps pace with rapid technological advancement while ensuring a balance between innovation and legal responsibility. It emphasizes the importance of cooperation between lawmakers and technologists to draft a comprehensive and effective legal framework that serves the public interest, protects individuals' fundamental rights, and mitigates potential risks arising from the autonomous decisions of these intelligent entities in the near future. The research stresses the need to integrate new concepts into legislation, such as virtual liability, and to reconsider the concept of causality in light of AI intervention, requiring a comprehensive development in the philosophy of civil law to meet the challenges of the upcoming technological revolution. 
700 1 |a Mohamed, Dr Nashwa Ahmed  |e VerfasserIn  |4 aut 
773 0 8 |i Enthalten in  |t International journal of criminal justice sciences  |d Tirunelveli : Manonmaniam Sundaranar University, 2006  |g 20(2025), 1, Seite 91-108  |h Online-Ressource  |w (DE-627)50790723X  |w (DE-600)2222797-0  |w (DE-576)262797437  |x 0973-5089  |7 nnas 
773 1 8 |g volume:20  |g year:2025  |g number:1  |g pages:91-108 
856 4 0 |u https://www.ijcjs.com/article-detail.php?id=1048  |x Verlag  |z kostenfrei  |3 Volltext  |7 0 
951 |a AR 
ELC |a 1 
LOK |0 000 xxxxxcx a22 zn 4500 
LOK |0 001 4814258224 
LOK |0 003 DE-627 
LOK |0 004 1942606184 
LOK |0 005 20251126142710 
LOK |0 008 251126||||||||||||||||ger||||||| 
LOK |0 040   |a DE-2619  |c DE-627  |d DE-2619 
LOK |0 092   |o n 
LOK |0 852   |a DE-2619 
LOK |0 852 1  |9 00 
LOK |0 935   |a krzo 
LOK |0 939   |a 26-11-25  |b l01 
OAS |a 1 
ORI |a SA-MARC-krimdoka001.raw